00829 2200265 4500001002100000005001500021035002000036007000300056008004100059020002200100082001100122084001700133100002800150245017000178250001000348260002200358300002300380650001600403700003500419700001200454700001600466520005900482990001100541990001100552INLIS00000000000356620190627071840 a0010-0619000110ta190627 g 0 ind  a978-602-6563-36-1 a297.14 a297.14 IBN t0 aIBNU, Qayyim Al-Juziyah1 aTaman Orang-orang Jatuh Cinta & Rekreasi Orang-orang Dimabuk Cinta /cIbnu Qayyim Al-Juziyah ; penerjemah, Bahrun Abubakar Ihzan Zubaidi; editor, Sumbodo, Eni Oesman acet.1 bSenja Media Utama a930 hlm. ;c25 cm. 4aISLAM.FIQIH0 aBAHRUN, Abubakar Ihzan Zubaidi0 aSUMBODO0 aENI, Oesman ajudul asli: Raudhatul Muhibbiin Wanuzhatul Musytaaqiin a6821 a a6821 b